[Event "ROM-chT U16"]
[Site "Iasi"]
[Date "2018.07.15"]
[Round "3.3"]
[White "Vilcu, Matei Stefan"]
[Black "Colac, Marius Daniel"]
[Result "1/2-1/2"]
[WhiteElo "1874"]
[BlackElo "1949"]
[PlyCount "117"]
[EventDate "2018.07.13"]
[EventType "team-swiss"]
[EventRounds "7"]
[EventCountry "ROU"]
[SourceTitle "EXT 2019"]
[Source "ChessBase"]
[SourceDate "2018.10.10"]
[SourceVersion "1"]
[SourceVersionDate "2018.10.10"]
[SourceQuality "1"]
[WhiteTeam "Targu Mures"]
[BlackTeam "Ploiesti CC"]
[WhiteTeamCountry "ROU"]
[BlackTeamCountry "ROU"]

1. e4 e6 2. d3 d5 3. Nd2 c5 4. Ngf3 Nc6 5. g3 Nf6 6. Bg2 Be7 7. 0-0 b6 8. Re1 Bb7 9. e5 Nd7 10. Qe2 Qc7 11. Nf1 0-0 12. Bf4 b5 13. h4 Rfc8 14. c3 Nb6 15. Ne3 Rab8 16. Ng4 Bf8 17. h5 h6 18. d4 Nd7 19. dxc5 Nxc5 20. Nd4 Nxd4 21. cxd4 Nd7 22. Rac1 Qa5 23. a3 Qb6 24. Qd3 a5 25. Ne3 b4 26. a4 Ba6 27. Qd2 Rxc1 28. Rxc1 Qb7 29. g4 Be7 30. b3 Rc8 31. Rc2 Rxc2 32. Qxc2 Qc8 33. Qxc8+ Bxc8 34. Bf1 Kf8 35. Bb5 Ke8 36. Kf1 Kd8 37. Ke2 Kc7 38. Nc2 Kb6 39. Kd2 Kc7 40. Ne3 Kd8 41. Nc2 Nb8 42. Be3 Ba6 43. Bxa6 Nxa6 44. f4 Ke8 45. Ke2 g6 46. hxg6 fxg6 47. Kf3 Kf7 48. f5 g5 49. fxe6+ Kxe6 50. Ke2 Bf8 51. Bf2 Nb8 52. Ne3 Nc6 53. Nf1 Nd8 54. Ng3 Nc6 55. Be3 Nd8 56. Nh5 Be7 57. Ng3 Bf8 58. Nh5 Be7 59. Ng3 1/2-1/2

[Event "ROM-ch U16"]
[Site "Baile Felix"]
[Date "2017.02.08"]
[Round "8"]
[White "Colac, Marius Daniel"]
[Black "Chioran, Andrei Ovidiu"]
[Result "1-0"]
[WhiteElo "1985"]
[BlackElo "1839"]
[PlyCount "85"]
[EventDate "2017.02.02"]
[EventType "swiss"]
[EventRounds "9"]
[EventCountry "ROU"]
[SourceTitle "CBM 176 Extra"]
[Source "ChessBase"]
[SourceDate "2017.03.02"]
[SourceVersion "1"]
[SourceVersionDate "2017.03.02"]
[SourceQuality "1"]

1. e4 c5 2. Nf3 Nc6 3. d4 cxd4 4. Nxd4 g6 5. c4 Bg7 6. Be3 Nf6 7. Nc3 Ng4 8. Qxg4 Nxd4 9. Qd1 Nc6 10. Be2 0-0 11. 0-0 d6 12. Qd2 Be6 13. Nd5 f5 14. Nf4 Bd7 15. exf5 Bxf5 16. Bf3 Kh8 17. Bd5 Qa5 18. Qe2 Qb4 19. g4 Bd7 20. Rab1 Bf6 21. Be6 Bxe6 22. Nxe6 Rf7 23. Nc7 Raf8 24. Nd5 Qa5 25. b4 Qd8 26. Nxf6 Rxf6 27. b5 Ne5 28. f4 Nd7 29. Bd4 e5 30. fxe5 Rxf1+ 31. Rxf1 Rxf1+ 32. Kxf1 dxe5 33. Bxe5+ Nxe5 34. Qxe5+ Kg8 35. Qd5+ Qxd5 36. cxd5 Kf7 37. Ke2 Kf6 38. Kd3 Ke5 39. b6 axb6 40. Kc4 h5 41. g5 h4 42. Kb5 Kxd5 43. Kxb6 1-0

[Event "ROM-ch U16"]
[Site "Baile Felix"]
[Date "2017.02.07"]
[Round "7"]
[White "Calin, Alexandru"]
[Black "Colac, Marius Daniel"]
[Result "1-0"]
[WhiteElo "1979"]
[BlackElo "1985"]
[PlyCount "61"]
[EventDate "2017.02.02"]
[EventType "swiss"]
[EventRounds "9"]
[EventCountry "ROU"]
[SourceTitle "CBM 176 Extra"]
[Source "ChessBase"]
[SourceDate "2017.03.02"]
[SourceVersion "1"]
[SourceVersionDate "2017.03.02"]
[SourceQuality "1"]

1. Nf3 f5 2. d3 Nf6 3. e4 d6 4. Nc3 Nc6 5. Be3 e5 6. exf5 Bxf5 7. d4 Nb4 8. Bb5+ c6 9. Ba4 e4 10. Nd2 d5 11. Qe2 Qd7 12. a3 Na6 13. f3 Bd6 14. fxe4 Nxe4 15. Ndxe4 dxe4 16. 0-0-0 0-0 17. d5 Bg4 18. dxc6 Bxe2 19. cxd7 Bxd1 20. Bb3+ Kh8 21. Rxd1 Be7 22. Nxe4 h6 23. Bd5 Nc7 24. Bxb7 Rab8 25. Bc6 a6 26. Ba7 Rbd8 27. Bb6 Ne6 28. Bxd8 Nxd8 29. Bd5 Kh7 30. c4 Kg6 31. c5 1-0

[Event "ROM-ch U16"]
[Site "Baile Felix"]
[Date "2017.02.06"]
[Round "6"]
[White "Colac, Marius Daniel"]
[Black "Ciorgovean, Iustin"]
[Result "0-1"]
[WhiteElo "1985"]
[BlackElo "2112"]
[PlyCount "58"]
[EventDate "2017.02.02"]
[EventType "swiss"]
[EventRounds "9"]
[EventCountry "ROU"]
[SourceTitle "CBM 176 Extra"]
[Source "ChessBase"]
[SourceDate "2017.03.02"]
[SourceVersion "1"]
[SourceVersionDate "2017.03.02"]
[SourceQuality "1"]

1. e4 c5 2. Nf3 e6 3. d4 cxd4 4. Nxd4 Nc6 5. Nb5 d6 6. c4 Nf6 7. N5c3 Be7 8. g3 0-0 9. Bg2 a6 10. 0-0 Qc7 11. b3 b6 12. Bb2 Bb7 13. Na3 Ne5 14. Nc2 h5 15. f4 Ng6 16. Qe2 Rfe8 17. Rad1 Rac8 18. Nd4 Bf8 19. Kh1 h4 20. g4 e5 21. fxe5 dxe5 22. Nf5 Nf4 23. Rxf4 exf4 24. g5 Nxe4 25. Nxe4 Rxe4 26. Qh5 f3 27. Bxf3 Qf4 28. Nh6+ gxh6 29. Rf1 Re1 0-1

[Event "ROM-ch U16"]
[Site "Baile Felix"]
[Date "2017.02.05"]
[Round "4"]
[White "Colac, Marius Daniel"]
[Black "Miloi, Pavel Dan"]
[Result "1/2-1/2"]
[WhiteElo "1985"]
[BlackElo "1782"]
[PlyCount "91"]
[EventDate "2017.02.02"]
[EventType "swiss"]
[EventRounds "9"]
[EventCountry "ROU"]
[SourceTitle "CBM 176 Extra"]
[Source "ChessBase"]
[SourceDate "2017.03.02"]
[SourceVersion "1"]
[SourceVersionDate "2017.03.02"]
[SourceQuality "1"]

1. e4 c5 2. Nf3 a6 3. c4 Nc6 4. d4 cxd4 5. Nxd4 d6 6. Nc3 Nf6 7. Nc2 e6 8. g3 Be7 9. Bg2 Qc7 10. 0-0 0-0 11. b3 b6 12. Bb2 Bb7 13. Qe2 Rfe8 14. Rad1 Rac8 15. Ne3 Qb8 16. Rfe1 Bd8 17. f4 Bc7 18. Ng4 Nd7 19. Ne3 Ne7 20. Qf2 Rcd8 21. f5 Nf6 22. Qf3 d5 23. exd5 exd5 24. Nexd5 Nexd5 25. Rxe8+ Rxe8 26. Nxd5 Nxd5 27. cxd5 Bd6 28. Qg4 Be5 29. Bxe5 Qxe5 30. Qd4 Qxf5 31. Qxb6 Qc2 32. Rf1 Ba8 33. Qf2 Qg6 34. Qf5 Qxf5 35. Rxf5 f6 36. Kf2 Kf7 37. Rf4 Re5 38. Rd4 Ke8 39. Ra4 Bb7 40. d6 Bxg2 41. Kxg2 a5 42. Kf3 Kd7 43. Rd4 h5 44. h3 g6 45. Rd2 g5 46. Rd4 1/2-1/2

[Event "ROM-ch U14"]
[Site "Calimanesti Caciulata"]
[Date "2016.04.21"]
[Round "5"]
[White "Colac, Marius Daniel"]
[Black "Ghimpu, Samuel Timotei"]
[Result "1/2-1/2"]
[WhiteElo "1807"]
[BlackElo "1810"]
[PlyCount "30"]
[EventDate "2016.04.18"]
[EventType "swiss"]
[EventRounds "9"]
[EventCountry "ROU"]
[SourceTitle "CBM 172 Extra"]
[Source "ChessBase"]
[SourceDate "2016.06.21"]
[SourceVersion "1"]
[SourceVersionDate "2016.06.21"]
[SourceQuality "1"]

1. e4 e6 2. c4 d5 3. exd5 exd5 4. cxd5 Qxd5 5. Nc3 Qd8 6. d4 Nf6 7. Bc4 Bd6 8. Qe2+ Qe7 9. Qxe7+ Kxe7 10. Bg5 c6 11. 0-0-0 Be6 12. d5 cxd5 13. Bxd5 Nc6 14. Nf3 Rhd8 15. Rhe1 Bb4 1/2-1/2

[Event "ROM-ch U14"]
[Site "Calimanesti Caciulata"]
[Date "2016.04.20"]
[Round "3"]
[White "Colac, Marius Daniel"]
[Black "Purece, Victor"]
[Result "1-0"]
[WhiteElo "1807"]
[BlackElo "1541"]
[PlyCount "69"]
[EventDate "2016.04.18"]
[EventType "swiss"]
[EventRounds "9"]
[EventCountry "ROU"]
[SourceTitle "CBM 172 Extra"]
[Source "ChessBase"]
[SourceDate "2016.06.21"]
[SourceVersion "1"]
[SourceVersionDate "2016.06.21"]
[SourceQuality "1"]

1. e4 c5 2. Nf3 e6 3. d4 cxd4 4. Nxd4 Nc6 5. c4 Qc7 6. Be3 a6 7. a3 Nf6 8. Nc3 d6 9. f3 Be7 10. Rc1 0-0 11. Be2 b6 12. 0-0 Bb7 13. b4 Qd7 14. Na4 Bd8 15. Nc2 Rc8 16. Nxb6 Bxb6 17. Bxb6 Ne5 18. Nd4 d5 19. Bc5 Rfd8 20. cxd5 exd5 21. Nf5 Ng6 22. Nd6 Rc6 23. Nxb7 Qxb7 24. exd5 Nxd5 25. Bc4 Rcc8 26. Qa4 Ra8 27. Rfd1 Nc7 28. Qb3 Nb5 29. a4 Nc7 30. Bxf7+ Kh8 31. Bxg6 hxg6 32. Qc4 Qc6 33. Rxd8+ Rxd8 34. Qh4+ Kg8 35. Qxd8+ 1-0